Chansons N°1 de Michael Jackson dans les Charts - Statistiques

Statistiques générales
  • Ce quiz a été pris 207 fois
  • Le résultat moyen est 15 sur 28
Statistiques - réponses
Réponse % Correct
Thriller
96%
Beat it
88%
Billie Jean
88%
Bad
85%
Smooth criminal
80%
Black or white
71%
Rock with you
64%
They don't care about us
64%
Dirty Diana
62%
Heal the world
60%
Earth song
58%
Remember the time
56%
You rock my world
56%
Man in the mirror
55%
The way you make me feel
54%
Don't stop 'til you get enough
52%
Jam
50%
Ben
49%
Scream
45%
The girl is mine
41%
You are not alone
41%
Leave me alone
40%
Wanna be startin' somethin'
40%
Blood on the dance floor
39%
I just can't stop loving you
33%
Stranger in Moscow
31%
Give in to me
20%
One day in your life
5%
Aucun quiz correspondant
Distribution des résultats
% des personnes avec chaque résultat
Percentile par nombre de réponses
Votre historique - résultats
Vous n’avez pas pris ce quiz